Countries Closest to Libya - 30 Second Sprint - Statistics

General Stats
  • This quiz has been taken 38 times
  • The average score is 9 of 20
Answer Stats
km country miles % Correct
0 Algeria 0
94%
0 Egypt 0
88%
0 Tunisia 0
84%
0 Chad 0
72%
276 Italy 171
72%
340 Malta 211
69%
757 Cyprus 471
59%
0 Sudan 0
59%
259 Greece 161
56%
0 Niger 0
56%
867 Israel 539
41%
866 Mali 538
41%
568 Turkey 353
41%
936 France 581
28%
758 Albania 471
22%
949 Lebanon 590
19%
882 Macedonia 548
13%
941 Bulgaria 585
9%
861 Palestine 535
6%
939 Saudi Arabia 584
6%
No matching quizzes found
Score Distribution
Percent of People with Each Score
Percentile by Number Answered
Your Score History
You have not taken this quiz